Namensbestandtteile von Fußballvereinen (Männer) - Statistiken

Allgemein
  • Dieses Quiz wurde 721 mal gespielt
    180 seit der letzten Aktualisierung
  • Das Durchschnittsergebnis liegt bei 20 aus 35
Antwortstatistiken
Group Anzahl Am meisten in Name % Korrekt
Abkürzung 9 3L (5) FC
95%
Abkürzung 5 2BL (3) SC
90%
Abkürzung 4 BL (2) VfL
86%
Abkürzung 6 BL / 2BL / 3L (je 2) SV
85%
Relikt 2 BL Borussia
84%
Abkürzung 1 BL VfB
84%
Abkürzung 8 BL / 2BL (je 3) 1. FC
80%
Relikt 1 BL Bayer
77%
Abkürzung 1 BL RB
74%
Relikt 2 BL / 2BL (je 1) Eintracht
72%
Relikt 1 2BL Dynamo
64%
Relikt 1 BL Union
64%
Abkürzung 1 BL TSG
62%
Relikt 1 2BL Fortuna
61%
Relikt 1 2BL Holstein
57%
Abkürzung 1 2BL SpVgg
56%
Relikt 1 3L Hansa
55%
Relikt 1 BL Werder
54%
Relikt 1 BL Bayern
53%
Relikt 1 3L Alemannia
52%
Relikt 1 3L Rot-Weiss
52%
Relikt 1 2BL Hertha
51%
Relikt 1 2BL Preußen
49%
Relikt 1 2BL Arminia
47%
Abkürzung 2 3L SSV
47%
Abkürzung 4 3L (3) TSV
47%
Relikt 1 3L Energie
38%
Relikt 1 3L Jahn
38%
Relikt 1 3L Viktoria
34%
Abkürzung 1 BL 1. FSV
32%
Abkürzung 1 BL BV
32%
Abkürzung 1 2BL BSC
31%
Abkürzung 2 BL / 2BL (je 1) SG
30%
Relikt 1 3L Erzgebirge
26%
Abkürzung 1 2BL DSC
11%
Keine übereinstimmenden Quizze gefunden
Verteilung der Resultate
Anzahl Personen mit jedem Resultat
Perzentil nach korrekt beantworteten Fragen
Ihre Resultats-Entwicklung
Sie haben dieses Quiz seit der letzten Aktualisierung nicht gespielt